World history
محفوظ في:
| المؤلف الرئيسي: | |
|---|---|
| التنسيق: | كتاب |
| اللغة: | English |
| منشور في: |
Chicago, Ill. Loyola university press
1946
|
| الوسوم: |
إضافة وسم
لا توجد وسوم, كن أول من يضع وسما على هذه التسجيلة!
|
MARC
| LEADER | 00000nam a2200000Ia 4500 | ||
|---|---|---|---|
| 003 | 002457 | ||
| 005 | 20221231143934.0 | ||
| 008 | 140114s1946 ilua 000 ||eng d | ||
| 040 | |c cru CEDI | ||
| 082 | |a 909 O13w | ||
| 100 | |a O'Brien, Arthur, Rev. |9 21545 | ||
| 245 | |a World history | ||
| 260 | |a Chicago, Ill. Loyola university press |c 1946 | ||
| 300 | |a x, 806 páginas: ilustraciones, mapas, 21 cm. | ||
| 942 | |2 ddc |c BK | ||
| 999 | |c 14525 |d 14525 | ||
